The Mississippi Quarterly

Podrobná bibliografie
Médium: Elektronický zdroj Časopis
Jazyk:English
Vydáno: The Johns Hopkins University Press
Témata:
On-line přístup:Full text available on JSTOR[1953-10-01 - 2017-12-01]
Off-campus access
LEADER 00991cas a2200217 a 4500
001 AALejournalJSTOR001717
008 230228c9999 xx r poo 0 0eng d
022 |a 0026-637X 
022 |a 2689-517X 
040 |a BD-DhAAL  |c BD-DhAAL 
245 0 0 |h [electronic resource]  |a The Mississippi Quarterly 
260 |b The Johns Hopkins University Press 
300 |a 1 online resource 
362 0 |a Vol. 7,  |a no. 1 
500 |a <strong>Off-Campus Access:</strong> Athens ID and Password Required 
500 |a <strong>On-Campus Access:</strong> No User ID or Password Required 
506 |a Electronic access restricted to authorized BRAC University faculty, staff and students 
538 |a Mode of access: Internet 
650 4 |a Humanities ; Language & Literature 
856 4 0 |z Full text available on JSTOR[1953-10-01 - 2017-12-01]  |u https://www.jstor.org/journal/missquar 
856 4 0 |z Off-campus access  |u https://go.openathens.net/redirector/bracu.ac.bd?url=https%3A%2F%2Fwww.jstor.org%2Fjournal%2Fmissquar